SOIL AS A NUTRIENT TRANSFORMER IN CROP ROTATIONS

Bibliographic Details
Main Authors: Pokorný, E. (Author), Střalková, R. (Author)
Format: Article
Language:English

MARC

LEADER 00000naa a2200000uu 4500
001 vtls010945481
003 SK-MaSNL
005 20260302121852.0
008 210902|1998 xo |||||||||||||||||eng|
015 |a SNBRA 
035 |a (urnnbn)urn:nbn:sk:snk:ar-a0bfab 
035 |a (uuid)cf316bb8-6ed7-4919-af1f-d426da9525e7 
035 |a urn:nbn:sk:snk-aau7gt 
040 |a SNKBUCL  |b slo  |c SNKBUCL  |e AACR2 
041 0 |a eng 
044 |a xo  |c SK 
100 1 |a Pokorný, E.  |4 aut  |9 799145 
245 1 0 |a SOIL AS A NUTRIENT TRANSFORMER IN CROP ROTATIONS  |c E. Pokorný, R. Střalková 
700 1 |a Střalková, R.  |4 aut  |9 799147 
773 0 |t Short communications  |d Nitra : Slovenská poľnohospodárska univerzita, 1998  |g S. 75-77  |z 8071375012 
958 |a OND 
958 |a article11 
958 |a chapter 
999 |c 1275607  |d 1277537